Düşünen baykuştan şiirler / (Kayıt no. 10078)

MARC ayrıntıları
000 -BAŞLIK
Sabit Uzunluktaki Kontrol Alanı 00575nam a22002057a 4500
003 - KONTROL NUMARASI KİMLİĞİ
Kontrol Alanı KOHA_MİRAKIL
005 - EN SON İŞLEM TARİHİ ve ZAMANI
Kontrol Alanı 20260330110715.0
008 - SABİT UZUNLUKTAKİ VERİ ÖGELERİ - GENEL BİLGİ
Sabit Alan 260330b tu ||||| |||| 00| 0 tur d
020 ## - ISBN - ULUSLARARASI STANDART KİTAP NUMARASI
Isbn 9786254159824
040 ## - KATALOGLAMA KAYNAĞI
Özgün Kataloglama Kurumu TR-AnABB
Kataloglama Dili tur
Çeviri Kurumu TR-AnABB
041 ## - DİL KODU
Metin ya da ses kaydının dil kodu tur
082 ## - DEWEY ONU SINIFLAMA SİSTEMİ
Sınıflama Numarası 811.42
Cutter numarası DIK 2025
100 1# - KİŞİ ADI
Yazar Adı (Kişi adı) Dikmen, Veysel
245 10 - ESER ADI BİLDİRİMİ
Başlık Düşünen baykuştan şiirler /
Sorumluluk Bildirimi Veysel Dikmen
260 ## - YAYIN, DAĞITIM, VB.
Yayın Yeri Ankara :
Yayınevi Klaros Yayınları,
Yayın Tarihi 2025
300 ## - FİZİKSEL TANIMLAMA
Sayfa, Cilt vb. 336 sayfa ;
Boyutları 20 cm
500 ## - GENEL NOT
Genel Not Yazar imzalı
650 04 - KONU BAŞLIĞI EK GİRİŞ - KONU TERİMİ
Konusal terim veya coğrafi ad Türk edebiyatı, şiir
942 ## - EK GİRİŞ ÖGELERİ (KOHA)
Sınıflama Kaynağı Dewey Decimal Classification
Materyal Türü Kitap
900 ## - YEREL BİLGİ
Kontrol Can ÇELIK
Mevcut
Geri Çekilme Durumu Kayıp Durumu Sınıflandırma Kaynağı Kredi için değil Kalıcı Konum Mevcut Konum Kayıt Tarih Toplam Ödünçverme Yer Numarası Demirbaş Numarası Son Görülme Tarihi Fatura Tarihi Materyal Türü
    Dewey Decimal Classification   Prof. Dr. Ruşen Keleş Kütüphanesi Prof. Dr. Ruşen Keleş Kütüphanesi 30/03/2026   811.42 DIK 2025 RK1095 30/03/2026 30/03/2026 Kitap